Alternatívne prístupy k tvorbe portfólia cenných papierov habilitačná prednáška

Salvato in:
Dettagli Bibliografici
Autore principale: Výrost, Tomáš, 1978-
Ente Autore: Ekonomická univerzita v Bratislave. Podnikovohospodárska fakulta so sídlom v Košiciach
Natura: Libro
Lingua:slovacco
Pubblicazione: Bratislava Vydavateľstvo EKONÓM 2014
Serie:Habilitačné a inauguračné prednášky
Soggetti:
Tags: Aggiungi Tag
Nessun Tag, puoi essere il primo ad aggiungerne!!

MARC

LEADER 00000nam$a2200000$$$4500
001 0184930
005 20240318125509.9
020 |a 978-80-225-3824-4 
041 0 |a slo 
044 |a SK 
245 1 0 |a Alternatívne prístupy k tvorbe portfólia cenných papierov  |b habilitačná prednáška  |c Tomáš Výrost 
264 1 |a Bratislava  |b Vydavateľstvo EKONÓM  |c 2014 
300 |a 27 s. 
490 1 |a Habilitačné a inauguračné prednášky 
830 0 |a Habilitačné a inauguračné prednášky 
610 2 0 |a papiere cenné 
610 2 0 |a portfólio 
610 2 0 |a rozhodovanie finančné 
610 2 0 |a rozhodovanie investičné 
100 1 |a Výrost, Tomáš, 1978- 
710 2 |a Ekonomická univerzita v Bratislave. Podnikovohospodárska fakulta so sídlom v Košiciach